[Event "Despedida  a un grande - Bobby Fischer"]
[Site "SchemingMind.com"]
[Date "2009.01.08"]
[Round "-"]
[White "jl1234"]
[Black "marble"]
[Result "0-1"]
[WhiteCountry "POL"]
[BlackCountry "ENG"]
[WhiteElo "1742"]
[WhiteRD "66"]
[BlackElo "1889"]
[BlackRD "55"]
[GameID "186192"]

1. e4 c5 2. Nf3 g6 3. Bc4 Bg7 4. O-O d6 5. d3 Nf6 6. Ng5 O-O 7. Nc3 Nc6 8. Ne2 h6 9. Nf3 Bg4 10. Nf4 Ne5
11. Bb3 g5 12. Nd5 Nxd5 13. Bxd5 e6 14. Bb3 Qf6 15. c3 Bxf3 16. gxf3 Nxf3+ 17. Kg2 g4 18. Rh1 b5 19. Be3 Qg6 20. Qc1 h5
21. Bc2 h4 22. h3 Ne5 23. Kf1 g3 24. fxg3 hxg3 25. Kg2 f5 26. Bf4 fxe4
0-1

[Event "Despedida  a un grande - Bobby Fischer"]
[Site "SchemingMind.com"]
[Date "2009.01.08"]
[Round "-"]
[White "marble"]
[Black "jl1234"]
[Result "1/2-1/2"]
[WhiteCountry "ENG"]
[BlackCountry "POL"]
[WhiteElo "1889"]
[WhiteRD "55"]
[BlackElo "1742"]
[BlackRD "66"]
[GameID "186200"]

1. e4 e5 2. Nf3 d6 3. Bc4 h6 4. d4 exd4 5. Nxd4 Be7 6. Nc3 c5 7. Bb3 cxd4 8. Qxd4 Nf6 9. Be3 O-O 10. O-O Nc6
11. Qd2 Ne5 12. f4 Ned7 13. h3 Nc5 14. Bxc5 dxc5 15. Qf2 Qa5 16. Kh2 b5 17. Bd5 Rb8 18. a3 Qd8 19. Rfd1 Qc7 20. Ba2 c4
21. e5 Bc5 22. Qf1 Nh5 23. Nd5 Qc6 24. b4 cxb3 25. cxb3 Bxa3 26. Bb1 Be6 27. Qd3 g6 28. Rxa3 Bxd5 29. Qxd5 Qxd5 30. Rxd5 Nxf4
31. Rd7 Ne6 32. Raxa7=
1/2-1/2

[Event "Despedida  a un grande - Bobby Fischer"]
[Site "SchemingMind.com"]
[Date "2009.01.07"]
[Round "-"]
[White "Clive Everill"]
[Black "David Hartley"]
[Result "0-1"]
[WhiteCountry "CZE"]
[BlackCountry "ENG"]
[WhiteElo "1637"]
[WhiteRD "49"]
[BlackElo "1893"]
[BlackRD "70"]
[GameID "186771"]

1. e4 e5 2. Nf3 Nc6 3. d4 exd4 4. Nxd4 Bc5 5. Nb3 Bb6 6. a4 a5 7. Nc3 d6 8. Nd5 Ba7 9. Bb5 Bd7 10. O-O Nf6
11. Bg5 O-O 12. Nxf6+ gxf6 13. Bh6 Re8 14. Qf3 Kh8 15. Kh1 Bb6 16. g4 Ne5 17. Qg3 Rg8 18. f3 f5 19. Bxd7 Qxd7 20. exf5 Qc6
21. Rae1 Rxg4 22. Qh3 Rgg8 23. Qh4 Nd7 24. Nd4 Bxd4 25. Qxd4+ Ne5 26. Rxe5 dxe5 27. Qxe5+ f6 28. Qe2 Rae8 29. Qd3 Re5 30. Bf4 Re7
31. Bh6 Qxa4 32. b3 Qh4 33. Bd2 Reg7 34. Be1 Qh3 35. Qe2 Rg2
0-1

[Event "Despedida  a un grande - Bobby Fischer"]
[Site "SchemingMind.com"]
[Date "2009.01.07"]
[Round "-"]
[White "David Hartley"]
[Black "Clive Everill"]
[Result "1-0"]
[WhiteCountry "ENG"]
[BlackCountry "CZE"]
[WhiteElo "1893"]
[WhiteRD "70"]
[BlackElo "1637"]
[BlackRD "49"]
[GameID "186777"]

1. d4 Nf6 2. c4 c5 3. d5 e5 4. Nc3 d6 5. e4 g6 6. Nf3 Bg7 7. Be2 O-O 8. O-O Na6 9. Bd2 Bd7 10. Re1 Qc8
11. g3 Ng4 12. Bf1 f5 13. Bg2 f4 14. gxf4 exf4 15. Ne2 Bxb2 16. Rb1 Be5 17. Qc1 Nb4 18. Bxb4 cxb4 19. Rxb4 Qc5 20. Rxb7 Qxf2+
21. Kh1 Ne3 22. Rg1 Qxe2 23. Rxd7 Nxg2 24. Nxe5 dxe5 25. Rxg2 f3 26. Rxe2 fxe2 27. Kg2 Rf1 28. Qxf1 exf1=Q+ 29. Kxf1 Rf8+ 30. Ke2 Rf4
31. Ke3 Rh4 32. Rxa7 Rxh2 33. d6 Rh3+ 34. Kd2 Rh2+ 35. Kc3
1-0

[Event "Despedida  a un grande - Bobby Fischer"]
[Site "SchemingMind.com"]
[Date "2009.01.11"]
[Round "-"]
[White "simon_w"]
[Black "vog"]
[Result "0-1"]
[WhiteCountry "IRL"]
[BlackCountry "USA"]
[WhiteElo "1844"]
[WhiteRD "72"]
[BlackElo "1929"]
[BlackRD "97"]
[GameID "187339"]

1. e4 c5 2. Nf3 d6 3. d4 cxd4 4. Nxd4 Nf6 5. Nc3 g6 6. Be3 Bg7 7. f3 O-O 8. Qd2 Nc6 9. O-O-O a6 10. g4 Bd7
11. h4 b5 12. Kb1 Ne5 13. h5 b4 14. Nd5 Nxd5 15. exd5 Qc8 16. h6 Bh8 17. g5 Nc4 18. Bxc4 Qxc4 19. Nb3 Bb5 20. Na5 Qe2
21. f4 Rfc8 22. Rhe1 Qxd2 23. Bxd2 Kf8 24. Bxb4 Rab8 25. Ba3 Ba4 26. Nb3 Rc4 27. Rf1 Bd7 28. Kc1 Bf5 29. Rf2 Rb5 30. Na1 Bd4
31. b3 Be3+ 32. Rdd2 Bxd2+ 33. Kxd2 Rxd5+ 34. Kc1 Rc3
0-1

[Event "Despedida  a un grande - Bobby Fischer"]
[Site "SchemingMind.com"]
[Date "2009.01.11"]
[Round "-"]
[White "vog"]
[Black "simon_w"]
[Result "1-0"]
[WhiteCountry "USA"]
[BlackCountry "IRL"]
[WhiteElo "1940"]
[WhiteRD "105"]
[BlackElo "1819"]
[BlackRD "71"]
[GameID "187343"]

1. d4 Nf6 2. c4 g6 3. Nc3 Bg7 4. e4 d6 5. Nf3 O-O 6. Be2 e5 7. O-O Nc6 8. d5 Ne7 9. Ne1 Nd7 10. f4 exf4
11. Bxf4 Ne5 12. Nf3 Nxf3+ 13. Rxf3 f5 14. Qd2 Bd7 15. Raf1 Rf7 16. Bd3 Qf8 17. Ne2 Re8 18. Ng3 h6 19. exf5 Nxf5 20. Nxf5 Bxf5
21. Be3 Qe7 22. Bxf5 Rxf5 23. Rxf5 gxf5 24. Bxh6 Bxh6 25. Qxh6 Rf8 26. Qd2 b6 27. b4 Rf7 28. a4 Qe4 29. Re1
1-0

[Event "Despedida  a un grande - Bobby Fischer"]
[Site "SchemingMind.com"]
[Date "2009.01.15"]
[Round "-"]
[White "MOHAX"]
[Black "spoke"]
[Result "1-0"]
[WhiteCountry "CAN"]
[BlackCountry "GER"]
[WhiteElo "2015"]
[WhiteRD "158"]
[BlackElo "1712"]
[BlackRD "67"]
[GameID "187774"]

1. d4 Nf6 2. c4 g6 3. Nc3 d5 4. cxd5 Nxd5 5. h4 Bg7 6. h5 Nc6 7. Nf3 O-O 8. hxg6 fxg6 9. e4 Nxc3 10. bxc3 a6
11. Bc4+ Kh8 12. Ng5 e5 13. Rxh7#
1-0

[Event "Despedida  a un grande - Bobby Fischer"]
[Site "SchemingMind.com"]
[Date "2009.01.17"]
[Round "-"]
[White "spoke"]
[Black "MOHAX"]
[Result "0-1"]
[WhiteCountry "GER"]
[BlackCountry "CAN"]
[WhiteElo "1738"]
[WhiteRD "63"]
[BlackElo "2035"]
[BlackRD "154"]
[GameID "187780"]

1. e4 c5 2. Nf3 a6 3. c4 e6 4. Nc3 d6 5. d4 cxd4 6. Nxd4 Nf6 7. Bg5 Be7 8. Be2 O-O 9. O-O Nbd7 10. Kh1 Qc7
11. f4 Rd8 12. f5 Ne5 13. fxe6 fxe6 14. b3 Rf8 15. Bxf6 Bxf6 16. Bg4 Nxg4
0-1

[Event "Despedida  a un grande - Bobby Fischer"]
[Site "SchemingMind.com"]
[Date "2009.01.26"]
[Round "-"]
[White "Joe Daudish"]
[Black "lemmie"]
[Result "1/2-1/2"]
[WhiteCountry "USA"]
[BlackCountry "NED"]
[WhiteElo "1720"]
[WhiteRD "45"]
[BlackElo "1788"]
[BlackRD "52"]
[GameID "189188"]

1. d4 d5 2. Nf3 Nf6 3. Bf4 e6 4. h3 Bd6 5. Bxd6 Qxd6 6. c3 Nc6 7. e3 a6 8. Be2 e5 9. dxe5 Nxe5 10. Nbd2 Be6
11. Nxe5 Qxe5 12. O-O O-O 13. Nf3 Qd6 14. Re1 Ne4 15. Nd4 Qd7 16. Nxe6 Qxe6 17. Bf3 Rad8 18. Qc2 f5 19. a3 c6 20. Rad1 Ng5
21. Be2 Qg6 22. Kh1 Ne4 23. Bf3 Rd6 24. Bxe4 fxe4 25. c4 Rdf6 26. Re2 Rf5 27. cxd5 cxd5 28. Kg1 Rh5 29. Kh1 h6 30. Qc7 Rf7
31. Qb8+ Kh7 32. Rc2 Rhf5 33. Rdd2 Rg5 34. Rc8 Qe6 35. Rh8+ Kg6 36. Rc2 d4 37. exd4 Qf5 38. Qe5 Qxe5 39. dxe5 Rxe5 40. Rhc8 e3
41. fxe3 Rxe3 42. Kg1 Rfe7 43. Kf1 Rf7+ 44. Kg1=
1/2-1/2

[Event "Despedida  a un grande - Bobby Fischer"]
[Site "SchemingMind.com"]
[Date "2009.01.27"]
[Round "-"]
[White "lemmie"]
[Black "Joe Daudish"]
[Result "1/2-1/2"]
[WhiteCountry "NED"]
[BlackCountry "USA"]
[WhiteElo "1788"]
[WhiteRD "52"]
[BlackElo "1720"]
[BlackRD "45"]
[GameID "189193"]

1. e4 e6 2. d4 d5 3. exd5 Qxd5 4. Nc3 Qd8 5. Nf3 Nf6 6. Bg5 Be7 7. Be2 h6 8. Bh4 O-O 9. O-O b6 10. a3 Bb7
11. h3 Nbd7 12. Bg3 c5 13. Ne5 cxd4 14. Qxd4 Nxe5 15. Bxe5 Qxd4 16. Bxd4 Rfd8 17. Rad1 Rac8 18. Be3 Kf8 19. Bd3 Bc5 20. Bxc5+ Rxc5
21. Ne2 e5 22. Nc3 a5 23. f3 Nh5 24. Rfe1 Nf4 25. Kf2 Nxd3+ 26. cxd3 Ba6 27. Re3 f6 28. Rd2 b5 29. Ne4 Rcd5 30. Nc3 Rd4
31. Ne2 R4d6 32. b4=
1/2-1/2

[Event "Despedida  a un grande - Bobby Fischer"]
[Site "SchemingMind.com"]
[Date "2009.01.27"]
[Round "-"]
[White "baobab"]
[Black "knightchaser"]
[Result "0-1"]
[WhiteCountry "ITA"]
[BlackCountry "MAS"]
[WhiteElo "1694"]
[WhiteRD "75"]
[BlackElo "1926"]
[BlackRD "104"]
[GameID "189337"]

1. e4 Nc6 2. Nf3 e5 3. Bc4 Nf6 4. Nc3 Be7 5. d3 d6 6. h3 Na5 7. Bb5+ c6 8. Ba4 b5 9. Bb3 Nxb3 10. axb3 O-O
11. O-O Ne8 12. d4 Qc7 13. Be3 g6 14. Ng5 f6 15. Nf3 Kh8 16. d5 b4 17. Ne2 c5 18. Nd2 f5 19. f3 f4 20. Bf2 Ng7
21. c3 Rb8 22. cxb4 Rxb4 23. Be1 Bd7 24. Nc4 Rb7 25. Qc2 Qb8 26. b4 cxb4 27. Bf2 Rc8 28. b3 Ne8 29. Qd3 Bb5 30. Rfc1 Bd8
31. Qd2 Bxc4 32. bxc4 Bb6 33. Qb2 Rg7 34. Ra6 Qb7 35. Ra4 Bxf2+ 36. Kxf2 Qb6+ 37. Kf1 a5 38. Rca1 Rxc4 39. Rxa5 g5 40. Ra8 Rg8
41. Qb3 Rc7 42. R1a6 Qb5 43. Ra5 Rc1+ 44. Kf2 Qb6+
0-1

[Event "Despedida  a un grande - Bobby Fischer"]
[Site "SchemingMind.com"]
[Date "2009.01.27"]
[Round "-"]
[White "knightchaser"]
[Black "baobab"]
[Result "1-0"]
[WhiteCountry "MAS"]
[BlackCountry "ITA"]
[WhiteElo "1926"]
[WhiteRD "104"]
[BlackElo "1694"]
[BlackRD "75"]
[GameID "189342"]

1. d4 c6 2. e4 d5 3. e5 e6 4. Bd3 c5 5. c3 Nc6 6. Nf3 a6 7. a4 Nge7 8. dxc5 Ng6 9. Bxg6 fxg6 10. Be3 Be7
11. h4 O-O 12. Bd4 Bd7 13. Nbd2 Rc8 14. Qe2 Na5 15. b4 Nc6 16. Qe3 Rb8 17. g4 a5 18. b5 Na7 19. Rb1 Qe8 20. c6 bxc6
21. Bxa7 Rb7 22. b6 c5 23. Nb3 Bxa4 24. Nxa5 Bc6 25. Rh3 d4 26. cxd4 cxd4 27. Nxd4 Bc5 28. Naxc6
1-0

[Event "Despedida  a un grande - Bobby Fischer"]
[Site "SchemingMind.com"]
[Date "2009.02.04"]
[Round "-"]
[White "reo"]
[Black "fouche"]
[Result "1-0"]
[WhiteCountry "THA"]
[BlackCountry "COL"]
[WhiteElo "1885"]
[WhiteRD "86"]
[BlackElo "1525"]
[BlackRD "51"]
[GameID "190594"]

1. e4 c5 2. Nf3 Nc6 3. d4 cxd4 4. Nxd4 d6 5. Nc3 Nf6 6. Bg5 e5 7. Nf3 Be7 8. Qd2 O-O 9. Bc4 Be6 10. Nd5 Bxd5
11. Bxd5 Qc7 12. c3 Rad8 13. O-O h6 14. Bh4 Rd7 15. c4 g5 16. Nxg5 Kg7 17. Nf3 Nxd5 18. cxd5 Bxh4 19. dxc6 bxc6 20. Nxh4 Rg8
21. Nf5+ Kf8 22. Qxh6+ Ke8 23. Rad1 d5 24. Ng3 d4 25. Nf5 Kd8 26. Rc1 c5 27. b4 c4 28. Qf6+ Kc8 29. Qa6+ Kb8 30. Rxc4 Qb6
31. Qxb6+ axb6 32. Rc6 Kb7 33. b5 d3 34. Ne3
1-0

[Event "Despedida  a un grande - Bobby Fischer"]
[Site "SchemingMind.com"]
[Date "2009.02.04"]
[Round "-"]
[White "fouche"]
[Black "reo"]
[Result "1/2-1/2"]
[WhiteCountry "COL"]
[BlackCountry "THA"]
[WhiteElo "1571"]
[WhiteRD "53"]
[BlackElo "1861"]
[BlackRD "71"]
[GameID "190600"]

1. d4 Nf6 2. c4 e6 3. Bg5 h6 4. Bh4 Bb4+ 5. Nc3 c5 6. e3 Qa5 7. Rc1 Qxa2 8. Bd3 Qxb2 9. Qd2 Qxd2+ 10. Kxd2 cxd4
11. exd4 Nh5 12. Ke3 Nc6 13. g4 Nf6 14. h3 d5 15. Bxf6 gxf6 16. cxd5 Ne7 17. dxe6 fxe6 18. Nf3 Bxc3 19. Rxc3 Nd5+ 20. Kd2 Nxc3
21. Kxc3 Bd7 22. Re1 Kf7 23. h4 a5 24. h5 b5 25. Bg6+ Ke7 26. d5 b4+ 27. Kb3 Rhb8 28. dxe6 Bc6 29. Nd4 a4+ 30. Kb2 a3+
31. Ka1 Kd6 32. Nxc6 Kxc6 33. e7 Kd7 34. Ka2 b3+ 35. Ka1 b2+ 36. Ka2 Re8 37. Bxe8+ Kxe8 38. f4 Ra7 39. g5 Rxe7 40. Rg1 fxg5
41. fxg5 hxg5 42. Kxa3 Rb7 43. Ka2 Kf7 44. Kb1 Kf6 45. Rg2 Kf5 46. h6 Kg6 47. h7 Rxh7 48. Kxb2 Rf7 49. Kc1 Rf4 50. Kd1 g4
51. Ke2 Kg5 52. Rf2 Ra4 53. Kf1 Kh4 54. Kg2 Ra3 55. Rb2 Ra5=
1/2-1/2

[Event "Despedida  a un grande - Bobby Fischer"]
[Site "SchemingMind.com"]
[Date "2009.02.12"]
[Round "-"]
[White "jtrochez1"]
[Black "mebalse"]
[Result "0-1"]
[WhiteCountry "HON"]
[BlackCountry "URU"]
[WhiteElo "1580"]
[WhiteRD "48"]
[BlackElo "1873"]
[BlackRD "75"]
[GameID "192056"]

1. e4 e6 2. d4 d5 3. e5 c5 4. c3 Qb6 5. Nf3 Nc6 6. Na3 cxd4 7. Bb5 dxc3 8. bxc3 Bxa3 9. Bxc6+ Qxc6 10. Qd3 Bxc1
11. Rxc1 Ne7 12. Nd4 Qa4 13. Rc2 b6 14. Qb5+ Qxb5 15. Nxb5 Kd7 16. a4 Nc6 17. Re2 Na5 18. Nd6 Ba6 19. Nb5 Bxb5 20. axb5 Nc4
21. O-O Rhc8 22. f4 Na3 23. Re3 Nxb5 24. Rc1 Rc4 25. g4 Rac8 26. Rf3 Nxc3 27. Kf1 Ne4 28. Rxc4 Rxc4 29. h4 Nd2+ 30. Kf2 Nxf3
0-1

[Event "Despedida  a un grande - Bobby Fischer"]
[Site "SchemingMind.com"]
[Date "2009.02.17"]
[Round "-"]
[White "sidra"]
[Black "smothered mate"]
[Result "0-1"]
[WhiteCountry "HUN"]
[BlackCountry "POL"]
[WhiteElo "1648"]
[WhiteRD "87"]
[BlackElo "1928"]
[BlackRD "56"]
[GameID "192057"]

1. d4 d5 2. e3 c5 3. dxc5 e6 4. b4 a5 5. c3 Bd7 6. a3 b6 7. cxb6 Qxb6 8. bxa5 Qxa5 9. Bd2 Qc7 10. Bd3 Bd6
11. Nf3 Nf6 12. O-O O-O 13. Nd4 Bxh2+ 14. Kh1 Be5 15. f4 Bd6 16. Qe2 Rc8 17. Nb5 Bxb5 18. Bxb5 Ne4 19. Rf3 Nd7 20. Bd3 Ndf6
21. Bxe4 Nxe4 22. Qe1 Qc4 23. g3 Rcb8 24. Kg2 Rb2 25. Kh3 Qd3 26. Rf1 Be7 27. a4 Ra6 28. Qc1 Rc2 29. Qd1 Nxd2 30. Nxd2 Rxd2
31. Qf3 e5 32. fxe5 Rh6+ 33. Kg4 Qg6+ 34. Kf4 Qg5#
0-1

[Event "Despedida  a un grande - Bobby Fischer"]
[Site "SchemingMind.com"]
[Date "2009.02.14"]
[Round "-"]
[White "alvaro"]
[Black "CRIS PORTI"]
[Result "1-0"]
[WhiteCountry "URU"]
[BlackCountry "ARG"]
[WhiteElo "1713"]
[WhiteRD "91"]
[BlackElo "1826"]
[BlackRD "138"]
[GameID "192058"]

1. e4 e5 2. Nf3 Nc6 3. Bc4 Bc5 4. b4 Bxb4 5. c3 Be7 6. Qb3 Nh6 7. d4 Na5 8. Qb5 Nxc4 9. Bxh6 gxh6 10. Qxc4 exd4
11. cxd4 d6 12. Nc3 c6 13. a4 Be6 14. Qb4 Qc7 15. Rb1 b6 16. Qb2 f5 17. O-O fxe4 18. Nxe4 O-O-O 19. Rfc1 Bf5 20. d5 c5
21. Re1 Rdf8 22. Re2 Bxe4 23. Rxe4 Bf6 24. Qe2 Qg7 25. a5 Rhg8 26. g3 Bd8 27. Re6 Qb7 28. Rxd6 Re8 29. Qb5 Re7 30. a6 Qa8
31. Qc6+ Qxc6 32. Rxc6+ Kd7 33. Rxh6 Rg6 34. Rh5 Kd6 35. Nh4 Rf7 36. Nxg6 hxg6 37. Rh6 Kxd5 38. Rd1+
1-0

[Event "Despedida  a un grande - Bobby Fischer"]
[Site "SchemingMind.com"]
[Date "2009.02.13"]
[Round "-"]
[White "mebalse"]
[Black "jtrochez1"]
[Result "1-0"]
[WhiteCountry "URU"]
[BlackCountry "HON"]
[WhiteElo "1873"]
[WhiteRD "75"]
[BlackElo "1580"]
[BlackRD "48"]
[GameID "192066"]

1. d4 d5 2. Bf4 Nf6 3. e3 c6 4. c4 e6 5. c5 Be7 6. b4 O-O 7. Bd3 Ne4 8. f3 Nf6 9. Nc3 b5 10. Qc2 Re8
11. Be5 Nbd7 12. Nge2 g6 13. g4 Nxe5 14. dxe5 Nd7 15. f4 Bh4+ 16. Ng3 Nf8 17. Ne2 f5 18. gxf5 exf5 19. Nd4 Bb7 20. Rg1 Kh8
21. O-O-O Ne6 22. Ngxf5 Nxd4 23. Nxd4 a5 24. Bxg6 axb4 25. Bxh7
1-0

[Event "Despedida  a un grande - Bobby Fischer"]
[Site "SchemingMind.com"]
[Date "2009.02.17"]
[Round "-"]
[White "smothered mate"]
[Black "sidra"]
[Result "1-0"]
[WhiteCountry "POL"]
[BlackCountry "HUN"]
[WhiteElo "1921"]
[WhiteRD "50"]
[BlackElo "1699"]
[BlackRD "86"]
[GameID "192067"]

1. e4 e5 2. Nf3 d6 3. Bc4 h6 4. d4 exd4 5. Qxd4 a6 6. Nc3 Nf6 7. e5 c5 8. Qd3 Nh7 9. Bf4 Nc6 10. exd6 Nf6
11. O-O Nb4 12. Rfe1+ Be6 13. Rxe6+ fxe6 14. Qg6+ Kd7 15. Qf7+ Kc6 16. Ne5+ Kb6 17. Na4+ Ka7 18. a3 Nbd5 19. Nc6#
1-0

[Event "Despedida  a un grande - Bobby Fischer"]
[Site "SchemingMind.com"]
[Date "2009.02.16"]
[Round "-"]
[White "CRIS PORTI"]
[Black "alvaro"]
[Result "1-0"]
[WhiteCountry "ARG"]
[BlackCountry "URU"]
[WhiteElo "1935"]
[WhiteRD "151"]
[BlackElo "1654"]
[BlackRD "91"]
[GameID "192068"]

1. e4 e5 2. Nf3 Nc6 3. d4 exd4 4. c3 dxc3 5. Bc4 cxb2 6. Bxb2 Qe7 7. O-O Na5 8. Bd3 b6 9. Nc3 Bb7 10. Nd5 Bxd5
11. exd5 O-O-O 12. Ba6+ Kb8 13. Re1 Qb4 14. Qc2 Qc5 15. Qxc5 bxc5 16. Bc3 Nf6 17. Bxa5 Nxd5 18. Ne5
1-0

[Event "Despedida  a un grande - Bobby Fischer"]
[Site "SchemingMind.com"]
[Date "2009.02.19"]
[Round "-"]
[White "Brian Acebo"]
[Black "jesusch"]
[Result "1/2-1/2"]
[WhiteCountry "USA"]
[BlackCountry "ESP"]
[WhiteElo "1615"]
[WhiteRD "67"]
[BlackElo "1845"]
[BlackRD "87"]
[GameID "192846"]

1. e4 c5 2. Nf3 d6 3. d4 cxd4 4. Nxd4 Nf6 5. Nc3 a6 6. Bg5 Nc6 7. Qd2 h6 8. Bh4 g5 9. Bg3 Nh5 10. Be2 Nxg3
11. hxg3 Bg7 12. Nb3 Be6 13. Nc1 O-O 14. Nd3 Rc8 15. O-O-O Nd4 16. Bh5 b5 17. f4 Nb3+ 18. axb3 Bxc3 19. bxc3 Qa5 20. Kb2 f6
21. Ra1 Qb6 22. f5 Bd7 23. Bf3 Kg7 24. Nb4 a5 25. Nd5 Qd8 26. Qe3 Rb8 27. Qd4 Rb7 28. b4 a4 29. c4 bxc4 30. Qxc4 Qa5
31. Ka3 Qa7 32. c3 Rc8 33. Qd3 e6 34. Ne3 Rb6 35. Rac1 exf5 36. exf5 Bc6 37. g4 Bxf3 38. gxf3 Rbc6 39. Nd5 Qf7 40. Rhe1 R6c7
41. Kxa4 Ra7+ 42. Kb3 Rca8 43. Kc2 Ra2+ 44. Kd1 Re8 45. f4 Qa7 46. Ne3 Rh2 47. fxg5 Qa4+ 48. Nc2 Rxe1+ 49. Kxe1 hxg5 50. Ne3 Qa2
51. Rc2 Qb1+ 52. Qd1 Rh1+ 53. Kd2 Rxd1+ 54. Nxd1 Kf7 55. Ne3 Ke8 56. Kd3 Kd7 57. Kd4 Kc6 58. Rd2 Kb5 59. Rd1 Qb3 60. Rd2 Qb1
61. Nd5 Qf1 62. Ne3 Qf4+ 63. Kd3 d5 64. Nxd5 Qxg4 65. Nxf6 Qxf5+ 66. Ne4 Qf3+ 67. Kd4 g4 68. Rd3 Qf4 69. Rg3 Ka4 70. Kd3 Kb5
71. Kd4 Ka4 72. Rd3 Kb5 73. Rg3 Ka4=
1/2-1/2

[Event "Despedida  a un grande - Bobby Fischer"]
[Site "SchemingMind.com"]
[Date "2009.02.17"]
[Round "-"]
[White "alamanc66"]
[Black "BlueMooner"]
[Result "1-0"]
[WhiteCountry "NED"]
[BlackCountry "ENG"]
[WhiteElo "2219"]
[WhiteRD "105"]
[BlackElo "1795"]
[BlackRD "81"]
[GameID "192847"]

1. e4 c5 2. Nf3 Nc6 3. d4 cxd4 4. Nxd4 g6 5. c4 Nf6 6. Nc3 d6 7. f3 Nxd4 8. Qxd4 Bg7 9. Be3 O-O 10. Qd2 Be6
11. Rc1 Qa5 12. Bd3 Rfc8 13. b3 Qd8 14. O-O a5 15. Na4 Nd7 16. Bc2 b6 17. f4 f5 18. exf5 gxf5 19. Rce1 Bf7 20. Bxf5 e6
21. Be4 Ra7 22. Qxd6
1-0

[Event "Despedida  a un grande - Bobby Fischer"]
[Site "SchemingMind.com"]
[Date "2009.02.17"]
[Round "-"]
[White "ajedrez perfecto"]
[Black "bull mccabe"]
[Result "0-1"]
[WhiteCountry "BAH"]
[BlackCountry "IRL"]
[WhiteElo "1328"]
[WhiteRD "72"]
[BlackElo "1808"]
[BlackRD "85"]
[GameID "192853"]

1. Nf3 d5 2. g3 Nf6 3. Bg2 e6 4. O-O c5 5. d4 Nc6 6. c4 dxc4 7. dxc5 Bxc5 8. Qxd8+ Nxd8 9. Nbd2 O-O 10. Nxc4 Bd7
0-1

[Event "Despedida  a un grande - Bobby Fischer"]
[Site "SchemingMind.com"]
[Date "2009.02.18"]
[Round "-"]
[White "jesusch"]
[Black "Brian Acebo"]
[Result "1-0"]
[WhiteCountry "ESP"]
[BlackCountry "USA"]
[WhiteElo "1749"]
[WhiteRD "90"]
[BlackElo "1578"]
[BlackRD "66"]
[GameID "192854"]

1. e4 e6 2. d4 d5 3. Nc3 c5 4. exd5 exd5 5. dxc5 Nf6 6. Be3 Be6 7. Bb5+ Nc6 8. Nf3 h6 9. O-O a6 10. Ba4 Be7
11. Ne5 Qc7 12. Bf4 O-O 13. Nxc6 Qxf4 14. Nxe7+ Kh8 15. c6 bxc6 16. Nxc6 Rac8 17. Nd4 Bg4 18. Qd3 Qd6 19. Bb3 Rfe8 20. Rfe1 Bh5
21. Nf5 Rxe1+ 22. Rxe1 Qc6 23. Ne7 Qc7 24. Nxc8 Qxc8 25. Nxd5 Bg6 26. Ne7 Bxd3 27. Nxc8 Bg6 28. Re7
1-0

[Event "Despedida  a un grande - Bobby Fischer"]
[Site "SchemingMind.com"]
[Date "2009.02.17"]
[Round "-"]
[White "BlueMooner"]
[Black "alamanc66"]
[Result "0-1"]
[WhiteCountry "ENG"]
[BlackCountry "NED"]
[WhiteElo "1795"]
[WhiteRD "81"]
[BlackElo "2219"]
[BlackRD "105"]
[GameID "192855"]

1. e4 c5 2. Nf3 d6 3. d4 cxd4 4. Nxd4 Nf6 5. Nc3 a6 6. Bg5 e6 7. f4 Qb6 8. Qd2 Qxb2 9. Nb3 Qa3 10. Bxf6 gxf6
11. Be2 Nc6 12. O-O Bd7 13. Kh1 h5 14. Rad1 Rc8 15. Rf3 e5 16. Nd5 Rh6 17. f5 h4 18. c4 h3 19. Rxh3 Rxh3 20. gxh3 Nd4
21. Nxd4 exd4 22. Qxd4 Bc6 23. Qxf6 Bxd5
0-1

[Event "Despedida  a un grande - Bobby Fischer"]
[Site "SchemingMind.com"]
[Date "2009.02.28"]
[Round "-"]
[White "Joe Daudish"]
[Black "marble"]
[Result "0-1"]
[WhiteCountry "USA"]
[BlackCountry "ENG"]
[WhiteElo "1734"]
[WhiteRD "47"]
[BlackElo "1977"]
[BlackRD "57"]
[GameID "194431"]

1. d4 Nf6 2. Nf3 d5 3. Bf4 e6 4. h3 c5 5. e3 cxd4 6. exd4 Nc6 7. c3 Nh5 8. Bh2 Bd6 9. Ne5 g6 10. Be2 Ng7
11. Nxc6 bxc6 12. O-O Bxh2+ 13. Kxh2 Rb8 14. Qc2 Qc7+ 15. Kg1 O-O 16. Nd2 f6 17. Bd3 e5 18. dxe5 fxe5 19. f3 c5 20. b3 Qb6
21. Kh1 Nh5 22. Rfe1 Qf6 23. Nf1 Nf4 24. Nh2 h5 25. Rad1 Kg7 26. c4 d4 27. Nf1 Qg5 28. Be4 a5 29. Kh2 Rb4 30. Ng3 h4
31. Nf1 a4 32. Rb1 axb3 33. axb3 Rf6 34. Red1 Rfb6 35. Rd2 Bf5 36. Bxf5 gxf5 37. g4 e4 38. fxe4 fxg4 39. hxg4 Qxg4 40. Rg2 Nxg2
41. Qxg2 Qxg2+ 42. Kxg2 Rxb3 43. Rc1 h3+ 44. Kh2 Rb1 45. Rxb1 Rxb1 46. Ng3 d3 47. Kxh3 d2 48. Nf5+ Kf6 49. Ne3 Rb3 50. Kg4 Rxe3
51. Kf4 Re1 52. e5+ Rxe5 53. Kg3 d1=Q 54. Kf4 Qd4+ 55. Kf3 Re3+ 56. Kf2 Qd2+ 57. Kf1 Re1#
0-1

[Event "Despedida  a un grande - Bobby Fischer"]
[Site "SchemingMind.com"]
[Date "2009.02.28"]
[Round "-"]
[White "marble"]
[Black "Joe Daudish"]
[Result "1/2-1/2"]
[WhiteCountry "ENG"]
[BlackCountry "USA"]
[WhiteElo "1915"]
[WhiteRD "56"]
[BlackElo "1698"]
[BlackRD "45"]
[GameID "194435"]

1. e4 e6 2. d3 d5 3. Nd2 Ne7 4. Ngf3 dxe4 5. Nxe4 Ng6 6. Be2 Be7 7. O-O O-O 8. d4 b6 9. Re1 Bb7 10. Bd3 Nd7
11. c3 c5 12. Be3 cxd4 13. cxd4 Rc8 14. Rc1 Nf6 15. Nxf6+ Bxf6 16. Rxc8 Qxc8 17. Bxg6 hxg6 18. Qe2 Bxf3 19. Qxf3 Qc2 20. Qe2 Qxe2
21. Rxe2 Rc8 22. g3 Rc4 23. b3 Rc6 24. Kg2 a6 25. Rd2 b5 26. d5 exd5 27. Rxd5 Kf8 28. Bc5+ Ke8 29. Bb4 Rc2 30. Rd2 Rxd2
31. Bxd2 Kd7 32. Kf3 Kd6 33. Bb4+ Kd5 34. Ke2 Bd4 35. f3=
1/2-1/2

[Event "Despedida  a un grande - Bobby Fischer"]
[Site "SchemingMind.com"]
[Date "2009.03.10"]
[Round "-"]
[White "MOHAX"]
[Black "David Hartley"]
[Result "1-0"]
[WhiteCountry "CAN"]
[BlackCountry "ENG"]
[WhiteElo "2042"]
[WhiteRD "142"]
[BlackElo "1873"]
[BlackRD "68"]
[GameID "195163"]

1. d4 d5 2. c4 e6 3. Nf3 Nf6 4. g3 dxc4 5. Bg2 Be7 6. Qa4+ Bd7 7. Qxc4 Nc6 8. O-O O-O 9. Nc3 Rb8 10. Rd1 Ne8
11. e4 Nd6 12. Qd3 Nb4 13. Qe2 f6 14. a3 Nc6 15. e5 Nf7 16. exf6 Bxf6 17. Ne4 Re8 18. Nxf6+ Qxf6 19. Bf4 Nd6 20. Ne5 Qe7
21. Nxc6 Bxc6 22. Bxc6 bxc6 23. Rac1 Rb6 24. Rc2 Qd7 25. Rdc1 Nb5 26. Be5 Nxd4 27. Qd3 Qd5 28. Qxd4
1-0

[Event "Despedida  a un grande - Bobby Fischer"]
[Site "SchemingMind.com"]
[Date "2009.03.10"]
[Round "-"]
[White "David Hartley"]
[Black "MOHAX"]
[Result "1/2-1/2"]
[WhiteCountry "ENG"]
[BlackCountry "CAN"]
[WhiteElo "1873"]
[WhiteRD "68"]
[BlackElo "2042"]
[BlackRD "142"]
[GameID "195165"]

1. e4 c5 2. f4 d5 3. exd5 Qxd5 4. Nc3 Qd8 5. Nf3 Nf6 6. d4 cxd4 7. Nxd4 Bg4 8. Be2 Bxe2 9. Ndxe2 e6 10. Qxd8+ Kxd8
11. Bd2 Nbd7 12. a3 Bc5 13. h3 a6 14. Na4 Ba7 15. O-O-O Kc7 16. Rhf1 Rac8 17. Rf3 Kb8 18. Be3 Bxe3+ 19. Rxe3 Nd5 20. Red3 N7b6=
1/2-1/2